000 00904nam a2200253Ia 4500
003 OSt
005 20221005105630.0
006 a|||||r|||| 00| 0
007 ta
008 221004b |||||||| |||| 00| 0 hin d
020 _a9788181439185 (hbk)
_c1250
024 _a93974
037 _b485, 18/03/2009, Vani Prakashan
_cTextual
040 _aCRL
_cCRL
_bhin
041 _2hin
_ahin
082 _aO152,6N48x, P9
100 _aपचौरी, सुधीश
245 0 _aउत्तर आधुनिक समय और मार्क्सवाद
246 _aUttar ādhunik samaya aur mārksavāda
260 _aनई दिल्ली
_bवाणी प्रकाशन भारत
_c2009
300 _a135पृ0
_ccm.
942 _hO152,6N48x, P9
_cTEXL
_2cc
999 _c1016414
_d1016414